| 000 | 00550nam a2200181 i 4500 | ||
|---|---|---|---|
| 001 | 32299 | ||
| 003 | ES-MaACL | ||
| 007 | t| | ||
| 008 | 030130s1981 sp ||||1| spa d | ||
| 100 | 1 |
_aBenito, Fernando. _927658 |
|
| 245 | 1 | 3 |
_aLa arquitectura del Colegio del Patriarca y sus artÃfices / _cFernando Benito. |
| 260 |
_aValencia : _b[Federico Domenech], _c1981. |
||
| 300 |
_a143 p. : _bil. ; _c22 cm. |
||
| 490 | 1 | _aBiblioteca de arte | |
| 830 | 0 |
_aBiblioteca de arte _9179381 |
|
| 852 |
_aES-MaACL _jL-3648 _bR.103677 |
||
| 999 |
_c32299 _d32299 |
||